Đổi mới, nỗi khát từ thơ Việt /

保存先:
書誌詳細
第一著者: Trần Mạnh Tiến.
フォーマット: 論文
言語:Vietnamese
主題:
タグ: タグ追加
タグなし, このレコードへの初めてのタグを付けませんか!
Thư viện lưu trữ: Thư viện Trường Đại học Đà Lạt
LEADER 00787nam a2200265 4500
001 DLU170182025
005 ##20171123
040 # # |a DLU  |b vie 
041 # # |a vie 
044 # # |a vn 
100 # # |a Trần Mạnh Tiến. 
245 # # |a Đổi mới, nỗi khát từ thơ Việt /  |c Trần Mạnh Tiến. 
653 # # |a Đổi mới thơ 
653 # # |a Thơ đương đại 
653 # # |a Thơ Việt 
653 # # |a Văn hóa Việt 
773 # # |t Tạp chí Lý luận, phê bình văn học, nghệ thuật  |g Số 48, 2016, tr. 26-29 
920 # # |a Phòng Tạp chí --Trung tâm Thông tin - Thư viện Trường Đại học Đà Lạt 
900 # # |a True 
911 # # |a Lê Thị Hồng 
925 # # |a G 
926 # # |a A 
927 # # |a BB 
980 # # |a Thư viện Trường Đại học Đà Lạt